| 000 | 00501nam a2200169Ia 4500 | ||
|---|---|---|---|
| 008 | 090122s9999 xx 000 0 und d | ||
| 082 |
_b991 _aO155:9 |
||
| 100 |
_aमालशे _bस _cग |
||
| 245 | _aगत शतक शोधिताना | ||
| 260 |
_bप्रतिमा _c1989 |
||
| 300 | _a160 | ||
| 600 | _aमालशे | ||
| 630 | _aगत शतक शोधिताना | ||
| 700 | _aमालशे | ||
| 730 | _aगत शतक शोधिताना | ||
| 942 | _cBOOK | ||
| 999 |
_c25069 _d25069 |
||